| 000 | 01507nam a2200253 a 4500 | ||
|---|---|---|---|
| 008 | 150429s2012 ||||||||||||||||| || u | ||
| 020 | _a9780435075071 | ||
| 050 | _aTA 190 Per | ||
| 100 | _aScanlon, Stephen | ||
| 245 | 1 | 0 |
_aPerforming engineering operations _cby Terry Grimwood |
| 260 |
_aEngland _bPearson Education Limited _c2012 |
||
| 300 | _ax, 390p. :ill. | ||
| 350 | _a47.24 | ||
| 650 | _aENGINEERING MANAGEMENT | ||
| 700 | _aTooley, Richard | ||
| 700 | _aGrimwood, Terry | ||
| 700 | _aTooley, Mike | ||
| 995 |
_FCBU-MAIN LIBRARY (Kitwe) _I47.24 _M6 _UAVAILABLE _WMay 13, 2015 _ZAnnex Low-Usage Collection |
||
| 995 |
_FCBU-MAIN LIBRARY (Kitwe) _I47.24 _M3 _UAVAILABLE _WMay 13, 2015 _ZAnnex Low-Usage Collection |
||
| 995 |
_FCBU-MAIN LIBRARY (Kitwe) _I47.24 _M4 _UAVAILABLE _WMay 13, 2015 _ZAnnex Low-Usage Collection |
||
| 995 |
_FCBU-MAIN LIBRARY (Kitwe) _I47.24 _M2 _UAVAILABLE _WMay 13, 2015 _ZMain Library Open Access Collection |
||
| 995 |
_FCBU-MAIN LIBRARY (Kitwe) _I47.24 _M5 _UAVAILABLE _WMay 13, 2015 _ZAnnex Low-Usage Collection |
||
| 995 |
_FCBU-MAIN LIBRARY (Kitwe) _I47.24 _M1 _UAVAILABLE _WMay 13, 2015 _ZMain Library Open Access Collection |
||
| 999 |
_c81794 _d81794 |
||